Fasana e Azad (Record no. 16837)

000 -LEADER
fixed length control field 00419nam a22001697a 4500
003 - CONTROL NUMBER IDENTIFIER
control field NUST
008 - FIXED-LENGTH DATA ELEMENTS--GENERAL INFORMATION
fixed length control field 140108t xxu||||| |||| 00| 0 eng d
020 ## - INTERNATIONAL STANDARD BOOK NUMBER
International Standard Book Number 9693515765
038 ## - RECORD CONTENT LICENSOR
Staff Name ASAB
082 ## - DEWEY DECIMAL CLASSIFICATION NUMBER
Classification number 891.4393
100 ## - MAIN ENTRY--PERSONAL NAME
Personal name Pandath Rathan Nath Sarshar
9 (RLIN) 563
245 ## - TITLE STATEMENT
Title Fasana e Azad
260 ## - PUBLICATION, DISTRIBUTION, ETC.
Place of publication, distribution, etc. Lahore
Name of publisher, distributor, etc. Sang e Meel Publications
Date of publication, distribution, etc. 2005
300 ## - PHYSICAL DESCRIPTION
Extent 272 P
440 ## - SERIES STATEMENT/ADDED ENTRY--TITLE
Volume/sequential designation 4 Volume set Vol. 1
9 (RLIN) 564
942 ## - ADDED ENTRY ELEMENTS (KOHA)
Source of classification or shelving scheme
Koha item type Book
Holdings
Withdrawn status Lost status Source of classification or shelving scheme Damaged status Not for loan Collection code Permanent Location Current Location Date acquired Total Checkouts Full call number Barcode Date last seen Price effective from Koha item type
            Atta-ur-Rahman School of Applied Biosciences (ASAB) Atta-ur-Rahman School of Applied Biosciences (ASAB) 01/08/2014   891.4393 RAT ASAB2931 09/26/2018 01/08/2014 Book
            Atta-ur-Rahman School of Applied Biosciences (ASAB) Atta-ur-Rahman School of Applied Biosciences (ASAB) 01/08/2014   891.4393 RAT ASAB2930 01/08/2014 01/08/2014 Book
            Atta-ur-Rahman School of Applied Biosciences (ASAB) Atta-ur-Rahman School of Applied Biosciences (ASAB) 01/08/2014   891.4393 RAT ASAB2910 01/08/2014 01/08/2014 Book
            Atta-ur-Rahman School of Applied Biosciences (ASAB) Atta-ur-Rahman School of Applied Biosciences (ASAB) 01/08/2014   891.4393 RAT ASAB2909 01/08/2014 01/08/2014 Book
            Atta-ur-Rahman School of Applied Biosciences (ASAB) Atta-ur-Rahman School of Applied Biosciences (ASAB) 01/08/2014   891.4393 RAT ASAB2908 12/17/2015 01/08/2014 Book
© 2023 Central Library, National University of Sciences and Technology. All Rights Reserved.